| 000 | 00670cam a22002411 4500 | ||
|---|---|---|---|
| 001 | sa 65003451 | ||
| 003 | DLC | ||
| 005 | 20260227112123.0 | ||
| 008 | 910918s1962 ii d 000 0 guj | ||
| 010 | _asa 65003451 | ||
| 035 | _a(OCoLC)24412427 | ||
| 040 |
_aDLC _cWaU _dDLC |
||
| 041 | 0 | _agujsan | |
| 042 | _apremarc | ||
| 050 | 0 | 0 |
_aPK927.G8 _bS3 |
| 245 | 0 | 0 | _aSaṃskr̥ta-Gujarātī vinīta kośa. |
| 260 | _c[1962] | ||
| 300 |
_a16, 711 p. _c22 cm. |
||
| 410 | 2 | 0 |
_aGujarat Vidyapith. _tGūjarāta Vidyāpīṭha granthāvalī, _v125 |
| 500 | _aIn Gujarati. | ||
| 650 | 0 |
_aSanskrit language _xDictionaries _xGujarati. |
|
| 700 | 1 | _aPatel, Gopaldas Jivabhai. | |
| 999 |
_c63170 _d63170 |
||